Catálogo público

Los 6 pasos para cumplir con la Norma de Productos Agrícolas Frescos FSMA / (Record no. 220444)

MARC details
000 -CABECERA
campo de control de longitud fija 02525nam a2200313 a 4500
003 - IDENTIFICADOR DEL NÚMERO DE CONTROL
campo de control CHAP
005 - FECHA Y HORA DE LA ÚLTIMA TRANSACCIÓN
campo de control 20250207181451.0
007 - CAMPO FIJO DE DESCRIPCIÓN FÍSICA--INFORMACIÓN GENERAL
campo de control de longitud fija ta
008 - DATOS DE LONGITUD FIJA--INFORMACIÓN GENERAL
campo de control de longitud fija 250207s2019 mx a|||fr|||| 001 0 spa d
040 ## - FUENTE DE LA CATALOGACIÓN
Centro catalogador/agencia de origen mxchpua
Centro/agencia transcriptor CHAP
Normas de descripción rda
041 ## - CÓDIGO DE LENGUA
Código de lengua del texto/banda sonora o título independiente spa
Código de lengua del sumario o resumen spa
Código de lengua de la tabla de contenido spa
Código de lengua original spa
050 10 - SIGNATURA TOPOGRÁFICA DE LA BIBLIOTECA DEL CONGRESO
Número de clasificación SB379.A4
Número de documento/Ítem .A38 2019
082 00 - NÚMERO DE LA CLASIFICACIÓN DECIMAL DEWEY
Número de edición 20
Número de clasificación 664.80465306
Número de documento/Ítem A38 2019
100 1# - ENTRADA PRINCIPAL--NOMBRE DE PERSONA
Nombre de persona Aguilar Chávez, Katia
9 (RLIN) 190086
245 16 - MENCIÓN DE TÍTULO
Título Los 6 pasos para cumplir con la Norma de Productos Agrícolas Frescos FSMA /
Mención de responsabilidad, etc. Katia Aguilar Chávez
250 ## - MENCIÓN DE EDICIÓN
Mención de edición 1a edición
264 ## - PRODUCCIÓN, PUBLICACIÓN, DISTRIBUCIÓN, FABRICACIÓN Y COPYRIGHT
Producción, publicación, distribución, fabricación y copyright México :
Nombre del de productor, editor, distribuidor, fabricante APEAM,
Fecha de producción, publicación, distribución, fabricación o copyright 2019
300 ## - DESCRIPCIÓN FÍSICA
Extensión 78 páginas :
Otras características físicas ilustraciones, tablas
336 ## - TIPO DE CONTENIDO
Fuente rdacontent
Término de tipo de contenido texto
Código de tipo de contenido txt
337 ## - TIPO DE MEDIO
Fuente rdamedia
Nombre/término del tipo de medio sin medio
Código del tipo de medio n
338 ## - TIPO DE SOPORTE
Fuente rdacarrier
Nombre/término del tipo de soporte volumen
Código del tipo de soporte nc
505 0# - NOTA DE CONTENIDO CON FORMATO
Nota de contenido con formato 1. Salud, higiene y capacitación de los trabajadores --<br/>2. Mejoradores del suelo --<br/>3. Fauna silvestre, animales domésticos y uso del suelo --<br/>4. Agua para la producción --<br/>5. Agua de uso postcosecha --<br/>6. Manejo postcosecha y saneamiento
520 2# - SUMARIO, ETC.
Sumario, etc. La Norma de inocuidad de los productos agrícolas frescos es parte de la Ley de Modernización de la Inocuidad de los Alimentos (FSMA, por sus siglas en inglés) de la FDA que fue firmada como ley el 4 de enero de 2011 por el Presidente Obama. Esta regulación se enfoca en establecer las primeras normas reglamentarias federales de los estándares para la producción, cosecha y manejo de frutas y verduras, en un esfuerzo por prevenir la contaminación microbiana y reducir las enfermedades transmitidas por los alimentos asociadas con los productos frescos. <br/><br/>La norma de seguridad de los productos agrícolas establece, por primera vez, estándares mínimos basados ​​en la ciencia para el cultivo, la cosecha, el empaque y la conservación seguros de frutas y verduras cultivadas para el consumo humano. La norma forma parte de los esfuerzos continuos de la agencia para implementar la Ley de Modernización de la Seguridad Alimentaria de la FDA. La norma final entró en vigencia el 26 de enero de 2016.<br/><br/>Esta es una guía para implementar la Norma de Productos Agrícolas Frescos en los huertos de aguacate en base a los requisitos descritos en el Reglamento de Productos Agrícolas Frescos de la Ley FSMA.
650 17 - PUNTO DE ACCESO ADICIONAL DE MATERIA--TÉRMINO DE MATERIA
Término de materia o nombre geográfico como elemento de entrada Aguacate
Subdivisión general Calidad del producto
-- Normas
Fuente del encabezamiento o término atg
9 (RLIN) 2540
650 13 - PUNTO DE ACCESO ADICIONAL DE MATERIA--TÉRMINO DE MATERIA
Término de materia o nombre geográfico como elemento de entrada Calidad de la fruta
Subdivisión general Manuales
-- Normas
9 (RLIN) 163045
650 13 - PUNTO DE ACCESO ADICIONAL DE MATERIA--TÉRMINO DE MATERIA
Término de materia o nombre geográfico como elemento de entrada Avocados
Subdivisión general Product quality
-- Standards
Fuente del encabezamiento o término atg
9 (RLIN) 190087
650 13 - PUNTO DE ACCESO ADICIONAL DE MATERIA--TÉRMINO DE MATERIA
Término de materia o nombre geográfico como elemento de entrada Fruit quality
Subdivisión general Manuals, textbooks, etc
-- Standards
Fuente del encabezamiento o término atg
9 (RLIN) 163046
942 ## - ELEMENTOS DE PUNTO DE ACCESO ADICIONAL (KOHA)
Fuente del sistema de clasificación o colocación Dewey Decimal Classification
Tipo de ítem Koha Libro
Holdings
Estado de retiro Estado de pérdida Fuente del sistema de clasificación o colocación Estado dañado Restricciones de uso No para préstamo Código de colección Localización permanente Ubicación/localización actual Fecha de adquisición Fuente de adquisición Número de inventario Total de préstamos Signatura topográfica completa Código de barras Fecha visto por última vez Número de copia Precio válido a partir de Tipo de ítem Koha
    Dewey Decimal Classification   Préstamo interno   General Ingenieria Agroindustrial Ingenieria Agroindustrial 03/02/2025 Donación Donación   664.80465306 A38 2019 1102015256 07/02/2025 Ej. 1 07/02/2025 Libro
    Dewey Decimal Classification   Préstamo 5 días   General Ingenieria Agroindustrial Ingenieria Agroindustrial 03/02/2025 Donación Donación   664.80465306 A38 2019 1102015257 07/02/2025 Ej. 2 07/02/2025 Libro
    Dewey Decimal Classification   Préstamo 5 días   General Ingenieria Agroindustrial Ingenieria Agroindustrial 03/02/2025 Donación Donación   664.80465306 A38 2019 1102015258 07/02/2025 Ej. 3 07/02/2025 Libro
    Dewey Decimal Classification   Préstamo 5 días   General Ingenieria Agroindustrial Ingenieria Agroindustrial 03/02/2025 Donación Donación   664.80465306 A38 2019 1102015259 07/02/2025 Ej. 4 07/02/2025 Libro
    Dewey Decimal Classification   Préstamo 5 días   General Ingenieria Agroindustrial Ingenieria Agroindustrial 03/02/2025 Donación Donación   664.80465306 A38 2019 1102015260 07/02/2025 Ej. 5 07/02/2025 Libro